[Event "Challenge"]
[Site "http://www.queenalice.com/game.php?id=627580"]
[Date "2009.7.30"]
[Round "-"]
[White "Dorges"]
[Black "FragZero"]
[Result "1-0"]
[WhiteElo "1288"]
[BlackElo "1264"]

1. e4 e5 2. Nf3 Qf6 3. d4 exd4 4. Nxd4 Bb4+ 5. c3 Qb6 6. cxb4 Qxb4+ 7. Qd2 Qe7
8. Nc3 Nf6 9. Qf4 Qd8 10. Qg3 c5 11. Nf5 Nh5 12. Nxg7+ Kf8 13. Nxh5 Rg8 14. Bh6+
Ke8 15. Qxg8+ Ke7 16. Nd5+ Kd6 17. Qxd8 Ke5 18. Qe7+ Kd4 19. Rd1# 1-0

[Event "AUTO-BEG-332"]
[Site "http://www.queenalice.com/game.php?id=628914"]
[Date "2009.8.2"]
[Round "1"]
[White "FragZero"]
[Black "harteattack"]
[Result "1-0"]
[WhiteElo "1162"]
[BlackElo "1280"]

1. e4 e5 2. Nf3 Nf6 3. Qe2 Nc6 4. Nc3 Be7 5. d3 d6 6. g3 Nd4 7. Qe3 Nxc2+ 8. Kd1
Nxe3+ 9. fxe3 Bg4 10. Be2 Bxf3 11. Bxf3 g5 12. b3 g4 13. Bg2 h5 14. h4 c5 15.
Rf1 Nd7 16. Rf5 Bxh4 17. gxh4 Qxh4 18. Nb5 Qh1+ 19. Bxh1 a6 20. Nc7+ 1-0

[Event "AUTO-BEG-332"]
[Site "http://www.queenalice.com/game.php?id=628915"]
[Date "2009.8.2"]
[Round "1"]
[White "harteattack"]
[Black "FragZero"]
[Result "0-1"]
[WhiteElo "1346"]
[BlackElo "1197"]

1. e4 e5 2. Qe2 Nf6 3. Nf3 Qe7 4. c3 Nc6 5. d4 d5 6. exd5 Nxd5 7. Na3 e4 8. Nd2
Na5 9. Nxe4 Bf5 10. Qb5+ c6 11. Qxa5 Bxe4 12. Bd2 Bc2+ 13. Be3 Bf5 14. O-O-O b6
15. Qa4 b5 16. Qc4 bxc4 17. Nxc4 g5 18. Nb6 Nxb6 19. d5 cxd5 20. Bb5+ Kd8 21.
Rxd5+ Kc8 22. Ba6+ Kb8 0-1

[Event "AUTO-BEG-332"]
[Site "http://www.queenalice.com/game.php?id=628918"]
[Date "2009.8.2"]
[Round "1"]
[White "FragZero"]
[Black "minhoca_verde"]
[Result "0-1"]
[WhiteElo "1167"]
[BlackElo "1465"]

1. e4 e6 2. Nc3 c5 3. f4 Qc7 4. Nf3 Nf6 5. g3 c4 6. b4 e5 7. Qe2 exf4 8. Bh3
Bxb4 9. Na4 fxg3 10. hxg3 Qxg3+ 11. Kd1 b5 12. Nb2 Ng4 13. a3 Nf2+ 14. Ke1 Nxh1+
15. Kd1 Nf2+ 16. Ke1 Nxh3+ 17. Kd1 Nf2+ 18. Ke1 Nh1+ 19. Kf1 Bc5 20. d3 cxd3 21.
cxd3 d6 22. Qg2 Bh3 23. d4 Qxg2+ 24. Ke1 Qf2+ 25. Kd1 Qxf3+ 26. Kc2 Qxe4+ 27.
Nd3 Qe2+ 28. Kc3 Bb6 29. Rb1 O-O 0-1

[Event "AUTO-BEG-332"]
[Site "http://www.queenalice.com/game.php?id=628919"]
[Date "2009.8.2"]
[Round "1"]
[White "minhoca_verde"]
[Black "FragZero"]
[Result "1-0"]
[WhiteElo "1364"]
[BlackElo "1211"]

1. d3 d5 2. Bd2 Nc6 3. c4 Be6 4. cxd5 Bxd5 5. e3 Nf6 6. Nc3 e6 7. Nxd5 exd5 8.
d4 Na5 9. Bxa5 b6 10. Bb5+ c6 11. Bxc6+ Nd7 12. Bxa8 Qxa8 13. Bc3 Qc6 14. Rc1 h5
15. e4 dxe4 16. d5 Qg6 17. g3 Nc5 18. a4 Nd3+ 19. Kd2 Qg5+ 20. Kc2 Qxd5 21. Ne2
Qc5 22. b4 Nxb4+ 23. Kb3 g5 24. Bxh8 Qxf2 25. Rc7 a5 26. Qd7# 1-0

[Event "revange"]
[Site "http://www.queenalice.com/game.php?id=635489"]
[Date "2009.8.13"]
[Round "-"]
[White "FragZero"]
[Black "Tagliapietra"]
[Result "0-1"]
[WhiteElo "1235"]
[BlackElo "1611"]

1. e4 e5 2. Qh5 Nf6 3. Qxe5+ Be7 4. Bc4 Nc6 5. Qf5 d5 6. Qg5 dxc4 7. Qxg7 Rg8 8.
Qh6 Nxe4 9. Nf3 Bf5 10. Kf1 Nf6 11. Na3 Ng4 12. Qf4 Be6 13. h3 Bd6 14. Qh6 Nxh6
15. d4 cxd3 16. cxd3 Nf5 17. h4 h6 18. Nc2 Bc4 19. dxc4 Qe7 20. Nce1 O-O-O 21.
c5 Bxc5 22. a4 Rde8 23. g4 Qe2+ 24. Kg2 Qxf2+ 25. Kh3 Qg3# 0-1

[Event "Challenge"]
[Site "http://www.queenalice.com/game.php?id=636095"]
[Date "2009.8.14"]
[Round "-"]
[White "FragZero"]
[Black "Zanelato"]
[Result "0-1"]
[WhiteElo "1234"]
[BlackElo "1130"]

1. e4 Nc6 2. Nc3 Nd4 3. Nd5 c6 4. Nb4 e5 5. Qh5 Qa5 6. c3 Nf6 7. Qg5 Nxe4 8. Qe3
d5 9. Nf3 c5 10. Nc2 Nxc2+ 11. Kd1 Qa4 12. b3 Nxe3+ 13. fxe3 Qa5 14. Nxe5 f6 15.
Ng4 Bxg4+ 16. Be2 Nf2+ 17. Ke1 Nxh1 18. Bxg4 Qc7 19. Ba3 Qxh2 20. Ke2 Qxg2+ 21.
Kd3 Nf2+ 22. Kc2 Qxg4 23. Rf1 Ne4 24. c4 Qe2 25. Rf4 Qxd2+ 26. Kb1 Nc3+ 27. Ka1
Qxa2# 0-1

[Event "Challenge"]
[Site "http://www.queenalice.com/game.php?id=685812"]
[Date "2009.11.19"]
[Round "-"]
[White "Kavorka"]
[Black "FragZero"]
[Result "1-0"]
[WhiteElo "1629"]
[BlackElo "1198"]

1. e4 e5 2. a3 Qh4 3. Qf3 Bc5 4. g3 Qe7 5. b4 Bd4 6. c3 Bb6 7. c4 Bd4 8. Nc3 h5
9. Bb2 g6 10. Nd5 Qd8 11. Bxd4 exd4 12. e5 c6 13. Nf6+ Kf8 14. c5 Qe7 15. Qf4 b6
16. Nxg8 Rxg8 17. Qf6 Qxf6 18. exf6 bxc5 19. bxc5 Na6 20. Bxa6 Bxa6 21. Nf3 d3
22. O-O Re8 23. Rfe1 Re6 24. Rxe6 fxe6 25. Ne5 Ke8 26. f7+ Kf8 27. fxg8=Q+ Kxg8
28. Nxd7 Bc8 29. Ne5 g5 30. Nxc6 a6 31. Ne7+ 1-0